An approach to the teaching of Jesus. (Record no. 5028)

000 -LEADER
fixed length control field 00607nam a2200193 a 4500
001 - CONTROL NUMBER
control field :::00002769$&:&@@
003 - CONTROL NUMBER IDENTIFIER
control field OkBaRHE
005 - DATE AND TIME OF LATEST TRANSACTION
control field 20000607103257.0
008 - FIXED-LENGTH DATA ELEMENTS--GENERAL INFORMATION
fixed length control field s1947 j 000 0 eng u
040 ## - CATALOGING SOURCE
Transcribing agency
100 1# - MAIN ENTRY--PERSONAL NAME
Personal name Colwell, Ernest Cadman, 1901-
245 13 - TITLE STATEMENT
Title An approach to the teaching of Jesus.
260 ## - PUBLICATION, DISTRIBUTION, ETC. (IMPRINT)
Place of publication, distribution, etc New York, NY., :
Name of publisher, distributor, etc Abingdon-Cokesbury Press
Date of publication, distribution, etc c1947
300 ## - PHYSICAL DESCRIPTION
Extent 128 p. ;
Dimensions 20 cm.
490 0# - SERIES STATEMENT
Series statement The Quillian lectures.
650 ## - SUBJECT ADDED ENTRY--TOPICAL TERM
Topical term or geographic name as entry element Jesus Christ
General subdivision Teaching
942 ## - ADDED ENTRY ELEMENTS (KOHA)
Source of classification or shelving scheme
Koha item type Books
Copies
Lost status Price effective from Copy number Date acquired Damaged status Withdrawn status Koha item type Not for loan Source of classification or shelving scheme Full call number Shelving location Barcode Permanent Location Date last seen
 2010-04-1412010-04-14  Books  BS 2415 .C58General Stacks2769RHEMA Bible Training College2018-03-16